000 01650cam a2200277 a 4500
001 4923299
005 20260227192021.0
008 950103s1995 miu b 010 0deng
010 _a 95001892
020 _a0802801331
035 _a4923299
040 _aDLC
_cDLC
_dDLC
245 0 0 _aRadical Christian and exemplary lawyer honoring William Stringfellow /
_cedited by Andrew W. McThenia.
260 _aGrand Rapids, Mich. :
_bEerdmans,
_cc1995.
300 _aviii, 183 p. ;
_c24 cm.
336 _atext
_btxt
_2rdacontent
337 _aunmediated
_bn
_2rdamedia
338 _avolume
_bnc
_2rdacarrier
504 _aIncludes bibliographical references (p. 181).
505 0 _aIntroduction: How this celebration began / Andrew W. McThenia, Jr. -- Stringfellow on the powers / Walter Wink -- Creation as apocalyptic : a homage to William Stringfellow / Stanley Hauerwaus, Jeff Powell -- William Stringfellow : continuing clarification of ethic and action / Elizabeth McAlister -- Personal memoir / Mel Schoonover -- Bill, the bible, and the seminary underground / Bill Wylie Kellermann -- Bill, recollections of an editor / Mary Lou Suhor -- Keeper of the word / Jim Wallis -- My friend / Daniel Berrigan -- Church and the law / Thomas L. Shaffer -- Advocacy and innocence / Emily Fowler Hartigan -- Meditation on vocation / Milner S. Ball -- Challenge of peace in an age of Desert Storm troopers / Edward McGlynn Gaffney, Jr. -- Uneasy relationship with the law / Andrew W.
600 1 0 _aStringfellow, William.
650 0 _aChurch and the world.
700 1 _aMcThenia, Andrew W.
700 1 _aStringfellow, William.
942 _2lcc
_cBK
999 _c55455
_d55455